000 00398nam a2200169Ia 4500
008 230524s9999 xx 000 0 und d
020 _a97893880358208
082 _bRET
100 _aR.P. Rethaliya
_942852
245 0 _aConcrete Technology
250 _a1
260 _aNew Delhi
_bCharotar
_c2011
300 _a"XVI,464p;"
500 _aQuantity Number: 1
650 _aCivil
942 _cBK
999 _c57824
_d57824